000 00795cad a22002295a 4500
008 011218s2003 xxk 000 0 eng u
020 _a1851126066
035 _a(Sirsi) u121822
050 _a711.10212
_c18
110 _aUnited Kingdom
_bOffice of the Deputy Prime Minister
245 _aDevelopment control statistics, England 2001/02
_h[electronic resource]
260 _aLondon
_bODPM
_c2003
350 _a10
520 _aView at www.planning.odpm.gov.uk
650 _aDEVELOPMENT CONTROL
650 _aPLANNING APPEALS
650 _aPLANNING APPLICATIONS
650 _aPLANNING DECISIONS
690 _aPLANNING LAW AND PRACTICE
856 _uhttps://www.communities.gov.uk/documents/planningandbuilding/pdf/157467.pdf
_zView the statistics on the ODPM website...
942 _n0
999 _c102752
_d102752